| 000 | 00692nam a22002057a 4500 | ||
|---|---|---|---|
| 003 | OSt | ||
| 005 | 20141108101540.0 | ||
| 008 | 141013b xxu||||| |||| 00| 0 eng d | ||
| 020 | _a84-481-3921-6 | ||
| 040 | _cBMC | ||
| 082 | _a658.155 | ||
| 100 | 1 |
_a López Lubián, Francisco J. _926611 |
|
| 245 | 1 | 0 |
_aDecisiones empresariales y sentido común _b: cómo distinguir la rentabilidad aparente de la real _cFrancisco J. López Lubián |
| 260 |
_aMadrid _bMcGraw-Hill, Interamericana de España _ccop 2003 |
||
| 300 |
_aXVII, 197 p. _btablas _c23 cm |
||
| 490 | _aMcGraw-Hill de Management | ||
| 504 | _aBibliografía: p. 183 | ||
| 650 | 2 | 4 |
_aEmpresas _xBeneficios _926542 |
| 942 |
_2ddc _cBK |
||
| 999 |
_c14581 _d14581 |
||